[Event "84th ESP-ch 2019"]
[Site "Marbella"]
[Date "2019.11.21"]
[Round "6.12"]
[White "Valmana Canto, Jaime"]
[Black "Arizmendi Martinez, Julen Luis"]
[Result "0-1"]
[WhiteElo "2416"]
[BlackElo "2517"]
[Annotator "TA"]
[PlyCount "126"]
[EventDate "2019.11.16"]
[EventType "swiss"]
[EventCountry "ESP"]
[SourceTitle "playchess.com"]
[Source "ChessBase"]
[SourceQuality "1"]

{[%evp 21,126,-9,-3,-9,-8,-26,-29,-89,-89,-89,-91,-93,-91,-90,-90,-90,-86,-93,-90,-93,-88,-83,-95,-91,-75,-178,-178,-178,-69,-69,-69,-69,-69,-96,-86,-89,-69,-79,-63,-60,-66,-84,-84,-91,-91,-91,0,-74,-74,-74,-74,-116,-112,-112,-8,-8,-8,-8,-5,-6,-5,-5,-5,-16,-8,-193,-198,-202,-190,-321,-327,-312,-325,-325,-321,-422,-422,-417,-395,-399,-389,-519,-519,-519,-512,-471,-423,-424,-418,-394,-382,-585,-423,-1680,-366,-335,0,-3160,-1863,-2013,-2025,-29967,-29968,-29967,-29968,-12795,-5114]} 1. d4 d5 2. c4 e6 3. Nc3 Bb4 4. Nf3 Nf6 5. cxd5 exd5 6. Bg5 O-O 7. e3 h6 8. Bh4 Bf5 9. Bd3 Bxd3 10. Qxd3 c6 11. O-O Nbd7 12. Rfc1 {D35: Queen's Gambit Declined: Exchange Variation} (12. Ne5 Be7 13. f4 Nb6 14. Bxf6 Bxf6 15. Rf3 Qe7 16. Raf1 Nd7 17. e4 dxe4 18. Nxe4 Rad8 19. Ng4 h5 20. Nexf6+ Nxf6 {½-½ (37) Edouard,R (2643)-So,W (2765) chess.com INT 2019}) 12... Re8 13. Na4 $146 ({Predecessor:} 13. a3 Bd6 14. b4 a6 15. Ne2 Nb6 16. Qf5 Qd7 17. Qxd7 Nbxd7 18. Bg3 Ne4 19. Bxd6 Nxd6 {½-½ (84) Hagen,A (2241)-Jensen,H (2059) Esbjerg 2007}) 13... Bd6 14. b4 (14. Nc5 $11 Bxc5 15. dxc5) 14... Bxb4 $17 15. Qb3 Qa5 $1 16. Rab1 Bd6 17. Bxf6 Nxf6 18. Nc5 Bxc5 19. Rxc5 Qc7 20. Ne5 Re7 21. a4 Ne4 22. Rc2 Rae8 23. a5 (23. Qa2 $17) 23... Qxa5 $19 24. Ra2 Qc3 (24... Qc7 $19 25. Rc1 a5) 25. Rxa7 $15 Qxb3 26. Rxb3 Nd6 27. g4 Nb5 28. Ra1 Rd8 29. Nd3 g6 30. Kg2 Kg7 31. Kf3 Rh8 32. h4 h5 33. g5 Re4 (33... Nd6 $17 34. Kg2 f6) 34. Nf4 (34. Ne5 $11 {keeps the balance.}) 34... Nd6 $1 $17 35. Ra7 Rb8 36. Rb6 Ree8 37. Nd3 Nf5 (37... Ra8 $17 38. Raxb7 Nxb7 39. Rxb7 Kf8) 38. Rbxb7 $11 Nxh4+ 39. Ke2 Rxb7 40. Rxb7 {[%mdl 4096] Endgame KRN-KRN} Nf5 {...Nxd4+ is the strong threat.} 41. Ne5 Re7 42. Rb8 {[#]} c5 $1 {[%mdl 512]} 43. Kd3 $2 (43. Rd8 $1 $11 {and White stays safe.}) (43. dxc5 Rxe5) 43... cxd4 $19 44. exd4 {[#]} Ra7 $1 45. Rd8 (45. Kc3 $142) 45... Ra3+ 46. Kd2 Nxd4 47. Rxd5 Ne6 48. f4 {intending Rd7.} Ra4 49. f5 Nxg5 50. fxg6 fxg6 51. Nd3 Ne4+ 52. Ke3 Nf6 53. Rb5 Ng4+ 54. Kf3 Ra3 55. Ke2 Kh6 56. Ne1 (56. Rb4 $142) 56... Re3+ 57. Kf1 (57. Kd2 $142) 57... Nh2+ $2 (57... h4 58. Rb4 Kh5) 58. Kf2 Ng4+ $2 (58... Re4 59. Kg1 h4) 59. Kf1 h4 60. Rb4 Kh5 61. Ng2 Rf3+ 62. Kg1 g5 63. Rb8 Ne3 {Accuracy: White = 41%, Black = 59%.} (63... h3 $142 64. Rb1 {[#]} Rg3 $1 {[%mdl 576] Pin}) 0-1

[Event "84th ESP-ch 2019"]
[Site "Marbella"]
[Date "2019.11.21"]
[Round "6.13"]
[White "Alsina Leal, Daniel"]
[Black "Suarez Uriel, Adrian"]
[Result "1-0"]
[WhiteElo "2467"]
[BlackElo "2389"]
[Annotator "TA"]
[PlyCount "103"]
[EventDate "2019.11.16"]
[EventType "swiss"]
[EventCountry "ESP"]
[SourceTitle "playchess.com"]
[Source "ChessBase"]
[SourceQuality "1"]

{[%evp 16,103,22,22,33,22,30,33,33,41,33,25,34,26,27,35,121,117,129,111,219,222,222,201,362,176,171,172,164,112,75,42,45,0,0,-6,0,-18,-16,-36,0,0,0,0,0,0,0,0,0,0,243,245,240,243,343,345,340,304,338,219,444,440,436,425,450,444,436,435,429,426,462,437,555,543,583,582,656,656,656,656,653,653,652,650,629,647,633,610,574,496]} 1. e4 c5 2. Nf3 Nc6 3. Bb5 g6 4. Bxc6 dxc6 5. d3 Bg7 6. h3 Nf6 7. Nc3 Nd7 8. Be3 e5 9. Qd2 h6 {B31: Sicilian: 2...Nc6 3 Bb5 g6} 10. O-O b6 11. Nh2 Nf8 {White is slightly better.} (11... Nf6 12. a3 Be6 13. b4 Nd5 14. exd5 cxd5 15. Qe1 d4 16. Bd2 dxc3 17. Bxc3 {½-½ (33) Dominguez Perez,L (2763)-Abasov,N (2632) Khanty-Mansiysk 2019}) 12. f4 exf4 13. Bxf4 Ne6 14. Be3 Nd4 15. Rae1 {[#]} Rb8 $146 (15... f6 $14) ({Predecessor:} 15... Be6 16. e5 Nf5 17. Ng4 Nxe3 18. Qxe3 Bxg4 19. hxg4 {0-1 (54) Karavade,E (2355)-Gukesh,D (2520) Biel 2019}) 16. e5 $1 $16 Be6 17. Ne4 Bxe5 (17... Nf5 $16 {keeps fighting.}) 18. Bf4 $18 Bxf4 19. Qxf4 {And now Nd6+ would win.} Nf5 $2 (19... Kd7) 20. g4 (20. Nf3 $142) 20... g5 {[#]} 21. Qf2 $1 {[%mdl 1024] White has strong compensation.} Ng7 {[#]} 22. Nf6+ (22. Nf3 $1 $18) 22... Kf8 $16 23. Re3 Rb7 24. Rfe1 h5 25. Re5 $132 {[%mdl 2048] White is not holding back} hxg4 26. hxg4 Rh6 27. Ne4 Rg6 28. Re3 Kg8 29. Rf3 $1 Ne8 30. Qe3 Qd4 31. Qxd4 cxd4 32. Nxg5 Nf6 $2 (32... Nc7 $11) 33. Nxe6 $18 fxe6 34. Rxe6 {[%mdl 64] Double Attack} Rf7 (34... Kg7 $142 35. Rxc6 Re7) 35. Rxc6 Kg7 36. Rf4 Rg5 37. Nf3 Rc5 $2 (37... Rxg4+ 38. Rxg4+ Nxg4) 38. Nxd4 {Strongly threatening Ne6+.White is clearly winning.} Rxc6 39. Nxc6 {[%mdl 4096] Endgame KRN-KRN} Rc7 40. Nd4 {Ne6+ is the strong threat.} Kg6 41. Kf2 Nd5 42. Rf3 Nb4 43. c3 Nxa2 44. Ke3 Re7+ 45. Kd2 Rh7 46. Rf1 Rh2+ 47. Ne2 Kg5 48. Ra1 Kxg4 49. Rxa2 Kf3 50. Rxa7 Rxe2+ 51. Kc1 Rg2 52. Re7 {Accuracy: White = 69%, Black = 50%.} 1-0

[Event "84th ESP-ch 2019"]
[Site "Marbella"]
[Date "2019.11.21"]
[Round "6.14"]
[White "Garcia Ramos, Daniel"]
[Black "Tejedor Fuente, Enrique"]
[Result "1/2-1/2"]
[WhiteElo "2350"]
[BlackElo "2457"]
[Annotator "TA"]
[PlyCount "146"]
[EventDate "2019.11.16"]
[EventType "swiss"]
[EventCountry "ESP"]
[SourceTitle "playchess.com"]
[Source "ChessBase"]
[SourceQuality "1"]

{[%evp 9,146,27,19,28,40,26,33,24,32,0,0,-6,0,-2,0,0,0,0,0,2,9,-14,55,50,91,56,130,99,95,82,90,40,79,37,7,5,109,18,27,30,29,16,18,21,22,0,0,-16,-18,-54,-46,-46,-40,-31,-13,-29,-20,-64,-65,-67,-67,-72,-70,-80,-64,-74,-70,-70,-70,-133,-127,-139,-113,-75,-12,-7,0,0,0,0,0,0,0,0,0,0,0,0,0,0,0,0,0,0,0,0,0,0,0,0,0,0,0,0,0,0,0,0,0,0,0,0,0,0,0,0,0,0,0,0,0,0,0,0,0,0,0,0,0,0,0,0,0,0,0,0,0,0,0]} 1. e4 e6 2. d4 d5 3. Bd3 Nc6 4. c3 (4. Ne2 Nb4 5. Bb5+ Bd7 6. Bxd7+ Qxd7 7. c3 Nc6 8. e5 f6 9. f4 Nh6 10. Ng3 f5 11. Nd2 Nf7 {½-½ (41) Alekseev,E (2627)-Shaposhnikov,E (2572) Yaroslavl 2018}) 4... dxe4 5. Bxe4 Nf6 6. Bg5 {C01: French: Exchange Variation} Qd7 $146 ({Predecessor:} 6... Be7 7. Bxf6 gxf6 8. Ne2 f5 9. Bf3 h5 10. Nd2 h4 11. Nc4 Bg5 {1-0 (35) Szakolczai,P (2274)-Kovacevic,V (2218) Switzerland 2009}) 7. Bxf6 gxf6 8. Qe2 {White is slightly better.} b6 9. d5 exd5 10. Bxd5+ Be7 11. c4 Nd4 12. Qe4 c6 13. Qxd4 cxd5 14. cxd5 Rg8 $132 {[%mdl 2048] Black is fighting back} 15. Nc3 Rg4 (15... Rxg2 $11 16. Nge2 Rg4) 16. Qe3 $14 Kf8 17. Nge2 Ba6 (17... Rxg2 $14 18. O-O-O Bd6) 18. O-O Qf5 19. h3 Rb4 20. Ng3 Qg5 $1 {[%cal Rg5e3]} 21. Qxg5 (21. Rfe1 {feels hotter.} Qxe3 22. Rxe3 Rxb2 23. Nce4 Re8 24. Nf5) 21... fxg5 22. Rfd1 Rd8 (22... Rxb2 $11 23. d6 Bd8) 23. Rd2 (23. Nge4 $16 {Hoping for d6.} Bc5 24. Nxc5 (24. Nxg5 Rxb2 25. Nge4 Ba3 $14) 24... bxc5 25. Rd2) 23... Bf6 24. Nge4 Be5 25. a3 Rc4 26. Rad1 h6 27. d6 Bb7 28. Re2 {White wants to play Nd2.} f6 29. f3 Rd4 {[%mdl 1024] Black has compensation.} 30. Rde1 Ba6 31. Rc2 Rc8 32. Rcc1 Kf7 33. Rcd1 Rxd1 34. Rxd1 f5 35. Nf2 Rd8 36. g4 Rxd6 37. Rxd6 Bxd6 38. gxf5 $17 {[%mdl 4096] Endgame KBB-KNN} Bc8 39. Nb5 {[#]} (39. Nce4 $1 $15 Bf4 40. Ng4) 39... Bb8 $1 40. Ng4 h5 ({Stronger than} 40... Bxf5 41. Nxh6+ Kg6 42. Nxf5 $14) 41. Ne3 a6 ({Black should try} 41... Bd7 $17 42. Nc3 Be5) 42. Nc3 $1 $11 {The position is equal.} Bf4 43. Ncd5 Bxe3+ 44. Nxe3 {KB-KN} Kf6 45. Nd5+ Ke5 46. Nxb6 Bxf5 47. Kg2 Kd4 48. Kg3 h4+ 49. Kg2 Be6 (49... Kc5 $5 50. Na4+ $8 Kc4 $11) 50. Na4 Bd7 51. Nc3 Bc6 52. Kf2 Kc4 53. Ne4 a5 54. Nxg5 Kb3 55. f4 Kxb2 56. f5 Kxa3 57. f6 Bd5 58. Ne4 Kb4 {[#] aiming for ...a4.} 59. Ke3 a4 {...a3 is the strong threat.} 60. Kd2 $1 a3 {And now ...a2 would win.} 61. Kc1 $1 Kb3 62. Nd2+ Kc3 {White must now prevent ...a2.} 63. Nb1+ Kd4 {Strongly threatening ...a2.} 64. Nxa3 Ke5 65. Kd2 Kxf6 66. Ke3 Be6 67. Kf4 Bxh3 68. Nc4 Bc8 69. Nd2 Kg6 70. Nf3 h3 71. Kg3 Kh5 72. Ng1 Bd7 73. Nxh3 Bxh3 {Accuracy: White = 58%, Black = 69%.} 1/2-1/2

[Event "84th ESP-ch 2019"]
[Site "Marbella"]
[Date "2019.11.21"]
[Round "6.15"]
[White "Mingarro Carceller, Sergi"]
[Black "Ladron De Guevara Pinto, Paolo"]
[Result "0-1"]
[WhiteElo "2329"]
[BlackElo "2442"]
[Annotator "TA"]
[PlyCount "70"]
[EventDate "2019.11.16"]
[EventType "swiss"]
[EventCountry "ESP"]
[SourceTitle "playchess.com"]
[Source "ChessBase"]
[SourceQuality "1"]

{[%evp 14,70,12,22,28,36,37,31,30,34,27,23,65,75,89,40,47,35,55,48,52,41,49,22,26,3,33,20,63,20,126,0,0,0,0,0,0,-142,-115,-128,-126,-210,-210,-212,-213,-220,-218,-217,-205,-676,-672,-891,-879,-886,-866,-881,-841,-807,-634]} 1. e4 g6 2. d4 Bg7 3. Nf3 d6 4. Bc4 Nf6 5. Qe2 O-O 6. e5 dxe5 7. dxe5 Nd5 8. O-O c6 {B06: Modern Defence} 9. a4 (9. h3 Qb6 10. Nbd2 Bf5 11. Ne4 Na6 12. Ng3 Bd7 13. Bxa6 Qxa6 14. Qxa6 bxa6 15. c4 Nb4 16. Bd2 a5 17. Ne4 {0-1 (72) Ziska,H (2533)-Moussard,J (2576) Le Blanc Mesnil 2019}) 9... Qc7 10. Re1 Bg4 {White is slightly better.} 11. Nbd2 $1 Nd7 12. h3 Bf5 13. Nb3 N7b6 14. Bd3 $146 ({Predecessor:} 14. Nbd4 Nxc4 15. Nxf5 Nxe5 16. Nxg7 Nxf3+ 17. Qxf3 Kxg7 {1-0 (43) Dahm,J (2253)-Gassmann,V (2226) Germany 2005}) 14... Bxd3 15. Qxd3 Rad8 16. Qe2 c5 17. a5 Nc8 18. Ra4 b6 19. Rh4 f6 20. Qc4 Rf7 21. Qg4 Nb4 (21... Qc6 $1 $11) 22. e6 (22. axb6 $16 axb6 23. Bd2) 22... Rff8 $11 23. Rxh7 Kxh7 24. Nh4 g5 ({Weaker is} 24... Nxc2 25. Qxg6+ Kh8 26. Nf5 $1 {[%mdl 512]} Qg3 27. fxg3 Rf7 28. exf7 Rg8 29. fxg8=B Nxe1 30. Qxg7#) 25. Qh5+ (25. Nf5 $11 {keeps the balance.} Nd6 26. Qh5+ Kg8 27. Bf4 $1 {[%mdl 512]} gxf4 28. Nxg7) 25... Kg8 $17 26. Nf5 {Qg6! would kill now.} Nd6 {[#]} 27. Nxg7 (27. Bf4 $1 $17 {[%mdl 512] is a better defense.} gxf4 28. Nxg7) 27... Kxg7 $19 28. Bxg5 {[#] Intending Bh6+ and mate.} Rh8 $1 {[%cal Rh8h5]} ({Not} 28... fxg5 29. Qxg5+ Kh7 30. Qh5+ Kg8 31. Qg5+ Kh7 32. Qh5+ Kg7 33. Qg5+ Kh8 34. Qh5+ Kg8 35. axb6 $11) 29. Bxf6+ exf6 ({Worse is} 29... Kxf6 30. Qe5+ Kg6 31. Re3 $11) 30. Qg4+ Kh7 31. e7 $2 (31. Qh4+ Kg8 32. Qg3+ Kf8 33. e7+ Qxe7 34. Rxe7 Kxe7 35. Qf3) 31... Rdg8 {Black is clearly winning.} 32. Qh4+ Kg7 33. Qg4+ Kf7 34. Qe6+ Ke8 35. Rd1 Qxe7 {Accuracy: White = 49%, Black = 60%.} 0-1

[Event "84th ESP-ch 2019"]
[Site "Marbella"]
[Date "2019.11.21"]
[Round "6.16"]
[White "Vega Gutierrez, Sabrina"]
[Black "Calzetta Ruiz, Monica"]
[Result "1/2-1/2"]
[WhiteElo "2374"]
[BlackElo "2251"]
[Annotator "RC"]
[PlyCount "71"]
[EventDate "2019.11.16"]
[EventType "swiss"]
[EventCountry "ESP"]
[SourceTitle "playchess.com"]
[Source "ChessBase"]
[SourceQuality "1"]
[TimeControl "5400+30"]

1. d4 {[%emt 0:00:00]} Nf6 {[%emt 0:01:36]} 2. c4 {[%emt 0:00:00]} c5 {[%emt 0:00:15]} 3. d5 {[%emt 0:00:05]} b5 {[%emt 0:00:06]} 4. cxb5 {[%emt 0:00:10]} a6 {[%emt 0:01:04]} 5. e3 {[%emt 0:00:43]} g6 {[%emt 0:03:29]} 6. Nc3 {[%emt 0:00:30]} Bg7 {[%emt 0:00:23]} 7. e4 {[%emt 0:00:44]} d6 {[%emt 0:00:07]} 8. Nf3 {[%emt 0:03:49]} O-O {[%emt 0:09:14]} 9. a4 {[%emt 0:00:55]} e6 {[%emt 0:04:45]} 10. dxe6 {[%emt 0:22:04]} Bxe6 {[%emt 0:03:11]} 11. Be2 {[%emt 0:04:54]} axb5 {[%emt 0:00:36]} 12. Bxb5 {[%emt 0:00:56]} d5 {[%emt 0:10:16]} 13. Bg5 {[%emt 0:21:01]} d4 {[%emt 0:28:00]} 14. e5 {[%emt 0:01:51]} dxc3 {[%emt 0:00:55]} 15. exf6 {[%emt 0:01:04]} Bxf6 {[%emt 0:01:57]} 16. Qxd8 {[%emt 0:00:37]} Bxd8 {[%emt 0:00:10]} 17. bxc3 {[%emt 0:01:12]} Ba5 {[%emt 0:00:59]} 18. Bd2 {[%emt 0:10:29]} Nd7 {[%emt 0:05:00]} 19. c4 {[%emt 0:02:24]} Nb6 {[%emt 0:06:26]} 20. Bxa5 {[%emt 0:03:21]} Rxa5 {[%emt 0:00:03]} 21. Ne5 {[%emt 0:10:35]} f6 {[%emt 0:01:14]} 22. Nc6 {[%emt 0:00:21]} Raa8 {[%emt 0:00:08]} 23. O-O {[%emt 0:00:41]} Bxc4 {[%emt 0:03:41]} 24. Bxc4+ {[%emt 0:01:47]} Nxc4 {[%emt 0:00:03]} 25. Rfc1 {[%emt 0:00:51]} Na5 {[%emt 0:00:05]} 26. Nxa5 {[%emt 0:03:11]} Rxa5 {[%emt 0:00:03]} 27. g3 {[%emt 0:03:01]} Rb8 {[%emt 0:00:36]} 28. Rd1 {[%emt 0:03:17]} c4 {[%emt 0:02:27]} 29. Rd7 {[%emt 0:00:33]} Rc5 {[%emt 0:09:01]} 30. Re1 {[%emt 0:00:13]} c3 {[%emt 0:00:38]} 31. Ree7 {[%emt 0:00:07]} c2 {[%emt 0:00:17]} 32. Rg7+ {[%emt 0:00:08]} Kf8 {[%emt 0:00:05]} 33. Rgf7+ {[%emt 0:00:16]} Ke8 {[%emt 0:00:06]} 34. Rfe7+ {[%emt 0:00:05]} Kf8 {[%emt 0:00:07]} 35. Rf7+ {[%emt 0:00:15]} Ke8 {[%emt 0:00:07]} 36. Rfe7+ {[%emt 0:00:03]} 1/2-1/2

[Event "84th ESP-ch 2019"]
[Site "Marbella"]
[Date "2019.11.21"]
[Round "6.17"]
[White "Vega Gutierrez, Belinda"]
[Black "Larino Nieto, David"]
[Result "0-1"]
[WhiteElo "2161"]
[BlackElo "2473"]
[Annotator "ChessBase"]
[PlyCount "58"]
[EventDate "2019.11.16"]
[EventType "swiss"]
[EventCountry "ESP"]
[SourceTitle "playchess.com"]
[Source "ChessBase"]
[SourceQuality "1"]
[TimeControl "5400+30"]

1. e4 {[%emt 0:00:00]} a6 {[%emt 0:13:41]} 2. d4 {[%emt 0:00:23]} g6 {[%emt 0:12:21]} 3. Nf3 {[%emt 0:04:59]} Bg7 {[%emt 0:00:43]} 4. h4 {[%emt 0:01:07]} d5 {[%emt 0:01:11]} 5. exd5 {[%emt 0:02:39]} Qxd5 {[%emt 0:00:05]} 6. Nc3 {[%emt 0:02:36]} Qh5 {[%emt 0:03:55]} 7. Be2 {[%emt 0:04:38]} Bg4 {[%emt 0:00:46]} 8. Bf4 {[%emt 0:03:16]} c5 {[%emt 0:03:57]} 9. dxc5 {[%emt 0:25:13]} Nc6 {[%emt 0:01:32]} 10. Nd5 {[%emt 0:14:57]} Rd8 {[%emt 0:00:46]} 11. c4 {[%emt 0:00:09]} Nf6 {[%emt 0:02:58]} 12. Bg5 {[%emt 0:15:02]} Ne4 {[%emt 0:08:51]} 13. Nf4 {[%emt 0:06:19]} Rxd1+ {[%emt 0:01:12]} 14. Rxd1 {[%emt 0:00:02]} Nxg5 {[%emt 0:00:44]} 15. Nxh5 {[%emt 0:00:13]} Nxf3+ {[%emt 0:00:04]} 16. Bxf3 {[%emt 0:00:05]} gxh5 {[%emt 0:00:33]} 17. Bxc6+ {[%emt 0:04:42]} bxc6 {[%emt 0:00:02]} 18. f3 {[%emt 0:00:05]} Be6 {[%emt 0:00:26]} 19. b3 {[%emt 0:00:09]} Bc3+ {[%emt 0:00:26]} 20. Ke2 {[%emt 0:01:24]} Rg8 {[%emt 0:00:24]} 21. Rd3 {[%emt 0:01:59]} Rxg2+ {[%emt 0:00:25]} 22. Ke3 {[%emt 0:03:56]} Bb4 {[%emt 0:00:09]} 23. Rhd1 {[%emt 0:00:46]} Bxc5+ {[%emt 0:00:10]} 24. Ke4 {[%emt 0:00:17]} Kf8 {[%emt 0:03:28]} 25. Rd8+ {[%emt 0:01:32]} Kg7 {[%emt 0:00:02]} 26. R1d2 {[%emt 0:03:56]} Rg6 {[%emt 0:00:02]} 27. Ra8 {[%emt 0:00:45]} a5 {[%emt 0:00:02]} 28. Rd1 {[%emt 0:01:13]} Kf6 {[%emt 0:00:18]} 29. Kd3 {[%emt 0:01:12]} Rg2 {[%emt 0:00:02] Kd4 Ke5+} 0-1

[Event "84th ESP-ch 2019"]
[Site "Marbella"]
[Date "2019.11.21"]
[Round "6.18"]
[White "Bernabeu Lopez, Carlos Javier"]
[Black "Ramirez Diaz, Jose Ramon"]
[Result "1-0"]
[WhiteElo "2366"]
[BlackElo "2171"]
[Annotator "TA"]
[PlyCount "119"]
[EventDate "2019.11.16"]
[EventType "swiss"]
[EventCountry "ESP"]
[SourceTitle "playchess.com"]
[Source "ChessBase"]
[SourceQuality "1"]

{[%evp 22,119,17,8,18,12,49,-7,29,18,37,39,39,43,41,41,50,12,69,56,86,68,87,38,29,39,95,12,29,0,0,0,52,8,8,8,8,8,8,8,8,11,135,136,145,136,139,143,143,143,249,244,240,235,220,196,204,110,171,171,145,110,171,171,164,156,306,298,969,966,854,861,813,780,1050,995,1352,1130,1793,1791,1391,52,52,52,1411,1326,29978,29968,29985,29986,29986,29987,29987,29988,29988,29989,29989,29990,29990,29991]} 1. e4 d6 2. d4 Nf6 3. Nc3 g6 4. g3 Bg7 5. Bg2 O-O 6. Nge2 e5 7. h3 Nc6 8. Be3 Bd7 9. O-O exd4 10. Nxd4 Re8 11. Re1 a6 12. f4 Na5 {B07: Pirc Defence: Miscellaneous Systems} 13. Bf2 c5 (13... Qc8 14. g4 c5 15. Nde2 Bc6 16. Ng3 b5 17. Qxd6 Nc4 18. Qd3 Nxb2 19. Qf3 Nc4 20. Rad1 {1-0 (46) Tkachiev,V (2654)-Al Modiahki,M (2574) Biel 2003}) 14. Nb3 (14. Nf3 $14) 14... Nxb3 {The position is equal.} (14... Nc4 {is more complex.} 15. Rb1 b5 16. e5 dxe5 17. Nxc5 Rc8) 15. axb3 Bc6 $146 ({Predecessor:} 15... Qc7 16. g4 Bc6 17. Qd2 Rad8 18. Bh4 Rd7 19. f5 Rde7 20. Rad1 gxf5 21. Qxd6 Qxd6 22. Rxd6 Nxe4 23. Nxe4 Rxe4 24. Bxe4 fxe4 {1-0 (42) De Waard,J (2387)-Faber,K (2317) Netherland 2002}) 16. e5 dxe5 $1 17. Qxd8 ({Of course not} 17. Bxc5 Bxg2 18. Kxg2 exf4 $17) 17... Raxd8 18. Bxc6 bxc6 19. fxe5 Nd7 (19... Nd5 $1 $11) 20. e6 $1 $14 {[%cal Re6d7]} fxe6 21. Rxa6 c4 22. b4 ({Worse is} 22. Rxc6 Ne5 $17) 22... Rb8 23. Ra7 ({But not} 23. Rxc6 Ne5 $15) 23... Nb6 (23... Nf6 $14) 24. Re4 ({White should play} 24. Ne4 $16) 24... Nd5 $11 25. Rxc4 Rxb4 26. Rxc6 Rxb2 (26... Nxc3 $1 $11 27. bxc3 Rb1+ 28. Kh2 Rb2) 27. Nxd5 (27. Ne4 $5 {[%cal Ra7g7]} Be5 28. Ng5 $14) 27... Rb1+ 28. Kg2 exd5 29. Rcc7 Be5 30. Rxh7 Rb2 31. Rhe7 Rxe7 (31... Rf8 $11 32. Rxe5 Rxc2) 32. Rxe7 {[%mdl 4096] Endgame KRB-KRB} Bc3 33. Rc7 Be5 34. Rc5 Bg7 35. Rc8+ Bf8 (35... Kh7 $16 {is a better defense.} 36. Rc7 Rb4) 36. Bd4 $18 Ra2 37. Kf3 {Bc5 is the strong threat.} Kf7 38. Rc7+ Ke6 39. c3 (39. Rc6+ $18 Kd7 40. Rxg6) 39... Ra6 (39... Be7 $16 {was necessary.} 40. Rc6+ Kf7) 40. Kg4 Be7 41. Rb7 Bf6 (41... Ra1 $16 {was worth a try.} 42. Rb6+ Kf7) 42. h4 Rc6 43. Rb5 Rd6 (43... Bd8 $16 44. Rb7 Bf6) 44. Rb1 Rc6 $2 (44... Bd8 45. h5 gxh5+ 46. Kxh5 Ra6 47. Re1+ Kd7) 45. Re1+ Kd7 46. Bxf6 Rxf6 {KR-KR} 47. Kg5 Rf3 48. Rg1 Ke7 49. Kxg6 Rxc3 50. h5 Kf8 51. Kh7 $2 (51. g4 $18 Kg8 52. h6) 51... Rc7+ $1 $14 52. Kh8 {Hoping for g4.} d4 $2 {[%mdl 8192] [#]} (52... Rg7 $14) 53. g4 $1 $18 d3 {[#]} 54. g5 $1 {White mates.} Rc5 55. h6 d2 56. g6 Rc8 57. g7+ Kf7+ 58. Kh7 Rd8 59. g8=Q+ {[%mdl 64] Promotion} Rxg8 60. Rf1+ {Accuracy: White = 62%, Black = 34%.} 1-0

[Event "84th ESP-ch 2019"]
[Site "Marbella"]
[Date "2019.11.21"]
[Round "6.19"]
[White "Garcia Vicente, Nieves"]
[Black "Pazos Porta, Antonio"]
[Result "0-1"]
[WhiteElo "2175"]
[BlackElo "2345"]
[Annotator "TA"]
[PlyCount "118"]
[EventDate "2019.11.16"]
[EventType "swiss"]
[EventCountry "ESP"]
[SourceTitle "playchess.com"]
[Source "ChessBase"]
[SourceQuality "1"]

{[%evp 14,118,0,9,2,0,-7,-10,0,0,-11,-17,0,-31,-25,-23,0,0,0,-24,-24,-83,-82,-92,-43,-52,-30,-37,0,-27,0,0,0,0,0,-14,0,0,0,0,0,0,0,0,28,-11,0,0,0,-35,-35,-29,-36,-33,-33,-31,-29,-29,-31,-127,-131,-171,-171,-171,-171,-180,-171,-299,-299,-279,-299,-299,-299,-297,-290,-283,-278,-270,-264,-284,-294,-341,-295,-277,-277,-567,-353,-915,-908,-887,-872,-764,-487,-497,-497,-440,-400,-525,-508,-879,-858,-828,-822,-780,-779,-753,-751]} 1. d4 Nf6 2. c4 d6 3. Nf3 g6 4. Nc3 Bg7 5. Bg5 h6 6. Bh4 g5 7. Bg3 Nh5 8. e3 c5 {E61: King's Indian: Early deviations for White, including Smyslov System} 9. d5 Bf5 (9... Nd7 10. Qc2 Nxg3 11. hxg3 Ne5 12. Be2 Nxf3+ 13. gxf3 Qa5 14. Kf1 Bd7 15. f4 gxf4 16. exf4 {½-½ (26) Svidler,P (2756)-Solak,D (2641) Khanty-Mansiysk 2017}) 10. Nd2 Nxg3 {The position is equal.} 11. hxg3 Qa5 12. g4 $146 ({Predecessor:} 12. Qa4+ Qxa4 13. Nxa4 Na6 {0-1 (46) Van Hoolandt,P (2298)-Basso,F (2217) Monaco 2003}) 12... Bg6 13. Rc1 Nd7 14. a3 O-O 15. Be2 a6 16. O-O {[#]} b5 $1 {[%mdl 512]} 17. cxb5 (17. f4 $11 {remains equal.}) 17... axb5 $17 18. f4 b4 19. Nc4 Qd8 20. axb4 gxf4 21. exf4 Bd4+ 22. Kh2 e5 {[%cal Rd8h4]} 23. g3 exf4 $1 ({Much worse is} 23... cxb4 $6 24. Nb5 $16) 24. Rxf4 Ne5 25. bxc5 dxc5 26. Rxd4 cxd4 27. Qxd4 Nxc4 28. Bxc4 {And now d6 would win.} Qg5 29. Qf4 Rfb8 30. b3 Rb6 31. Kg2 Rf6 $36 {[%mdl 2048] White is under pressure.} 32. Qxg5 hxg5 33. Rd1 Kf8 {[%mdl 1024] Black has compensation.} 34. d6 Rd8 35. d7 Rc6 36. Nb5 (36. Kf3 $15) 36... Be4+ 37. Kf2 {[#]} Rf6+ $1 38. Ke3 Bc6 39. Nd4 {Strongly threatening Rf1.} Rxd7 40. Ra1 (40. Rd3 $142) 40... Re7+ $19 41. Kd3 Rd6 42. Ra6 Red7 43. Rxc6 Rxd4+ {[%mdl 4160] Endgame Double Attack. KRR-KRB} ({Don't play} 43... Rxc6 44. Bb5 $19) 44. Ke3 Rxg4 45. Kf3 Rgd4 46. Rc8+ Kg7 47. Rc5 Kg6 48. Rc6+ f6 49. b4 $2 (49. Ke3) 49... Re7 50. b5 $2 (50. Be6) 50... g4+ 51. Kf2 Rd2+ 52. Kf1 Ra7 {[%cal Ra7a1]} 53. Ke1 Rb2 {[%cal Ra7a1]} 54. Bd3+ Kg7 {( -> ...Ra1+)} 55. Rc1 Re7+ {Black is clearly winning.} 56. Kf1 (56. Kd1 $142 Re3 57. Rc7+ Kf8 58. Kc1) 56... Re3 57. Rc7+ Kf8 58. Bg6 Rf3+ 59. Ke1 Rxg3 {Accuracy: White = 47%, Black = 70%.} 0-1